|
|
|
|
| LEADER |
00000cac a2200000 a 4500 |
| 001 |
60183a |
| 003 |
Ucuenca |
| 005 |
20230308212153.0 |
| 008 |
000000| ec |||||r|||||||||||spa|| |
| 040 |
|
|
|b spa
|
| 041 |
0 |
|
|a spa
|
| 082 |
0 |
|
|a E860.9
|
| 100 |
|
|
|a Fermín Cevallos, Pedro
|d 1812-1893
|9 212377
|
| 245 |
|
|
|a Resumen de la Historia del Ecuador
|c Pedro Fermín Cevallo, introd. de Hernán Rodríguez Castelo
|h imp
|n tomo 2
|
| 264 |
|
|
|a Quito
|b Ariel
|c s.f
|
| 300 |
|
|
|a 181 páginas:
|c 17.5 cm
|
| 490 |
|
|
|a Clásicos Ariel
|n no. 80
|
| 504 |
|
|
|a incl. ref.
|
| 650 |
|
0 |
|a Revolucion de guayaquil
|9 212375
|
| 650 |
|
0 |
|a Bolivar simon
|9 7240
|
| 650 |
|
0 |
|a Grancolombia integracion
|9 212376
|
| 852 |
|
|
|a UC-CDJBV
|f Compra
|l 1
|m General
|p 00000000
|q 25,00
|r 8
|t 60183a
|b 0
|d CDRC
|e CDRC
|g E860.9 TERCER PISO
|z 0000-00-00
|
| 942 |
|
|
|c CR
|
| 999 |
|
|
|c 121188
|d 121188
|